000 01061nam a22002894a 4500
001 196965
003 ES-MaACL
005 20250818063120.0
008 250228b2025 sp ||||| |||| 00| 0 spa d
020 _a9788410460652
040 _bspa
_cES-MaACL
100 1 _aSevylla de Juana, Pedro,
_d1946-
_9105937
_eaut
245 _aMi escritura toda. Toda a escrita /
_cPedro Sevylla de Juana
250 _aPrimera edición: 2025
260 _a[s. l.] :
_bUniverso de Letras,
_c2025.
300 _a405 páginas ;
_c24 cm
336 _2rdacontent
_atexto
337 _2rdamedia
_asin mediación
338 _2rdacarrier
_avolumen
655 0 _9176540
_aAntologías
852 _aES-MaACL
_cDEPOJ
_jN-10441
_xEncuadernación rústica con solapas
_9206565
_hDonación: Pedro Sevylla de Juana
903 _9105937
_aSevylla de Juana, Pedro,
_d1946-
_ednr
942 _cMONOGRAFIA
_n0
999 _c196965
_d196965